| 000 | 00585nam a22001937a 4500 | ||
|---|---|---|---|
| 005 | 20241223111536.0 | ||
| 008 | 241223b ||||| |||| 00| 0 eng d | ||
| 020 | _a9781032452494 | ||
| 040 | _cKWIU | ||
| 041 | _aENG | ||
| 080 |
_a617 _bB-16 |
||
| 100 | 1 |
_91443 _aO'Connell, P. Ronan |
|
| 245 |
_aBailey & Love's short practice of surgery/ volume 1 _c/ [ed.by] Professor P. Ronan O'Connell, Professor Andrew W. McCaskie, Professor Robert D. Sayers. |
||
| 250 | _a28th | ||
| 260 |
_bSRC Press; _c2023 |
||
| 300 | _a1673p. | ||
| 650 | 0 |
_2Surgical Procedures _91445 |
|
| 942 |
_2udc _cBK |
||
| 999 |
_c2265 _d2265 |
||